Εμπορευματική παραγωγή
Saved in:
| Main Author: | |
|---|---|
| Format: | Book |
| Language: | Greek |
| Published: |
Αθήνα :
Σύγχρονη Εποχή,
1986
|
| Subjects: | |
| Tags: |
Add Tag
No Tags, Be the first to tag this record!
|
MARC
| LEADER | 00000cam a2200000 i 4500 | ||
|---|---|---|---|
| 001 | 1/27635 | ||
| 008 | 960429s1986 gre d | ||
| 035 | |l 10022892 | ||
| 040 | |a GR-MY-UA |b gre |e aacr | ||
| 041 | 0 | |a gre | |
| 082 | 0 | |a 338.001 | |
| 100 | 1 | |a Παυλίδης, Στέλιος Π., |d 1925- | |
| 245 | 1 | 0 | |a Εμπορευματική παραγωγή |
| 260 | |a Αθήνα : |b Σύγχρονη Εποχή, |c 1986 | ||
| 300 | |a 157 σ. | ||
| 650 | 0 | 0 | |a Production (Economic theory) |
| 650 | 0 | 0 | |a Commercial products. |
| 650 | 0 | 0 | |a Marxian economics. |
| 852 | |a INST |b CHIOS |e 19960429 |h 338.001 ΠΑΥ |p 005200005625 |q 005200005625 |t BK |y 0 | ||
| 909 | |a Χ |b 008557 | ||